Statistics for Disney Song Lyrics: Frozen: Let It Go

Click here to take the quiz!

General Stats

  • This quiz has been taken 345 times
  • The average score is 182 of 276

Answer Stats

Answer% Correct
The
100%
snow
97%
glows
96%
on
95%
the
95%
mountain
95%
not
94%
to
93%
A
93%
seen.
93%
be
93%
a
93%
tonight,
93%
white
93%
footprint
92%
kingdom
92%
looks
92%
like
92%
the
92%
queen.
92%
of
91%
isolation,
91%
and
91%
it
91%
I'm
91%
The
89%
wind
88%
like
88%
is
88%
howling
87%
inside,
87%
storm
85%
it
84%
knows
84%
in;
84%
Heaven
84%
keep
84%
couldn't
84%
swirling
82%
tried.
81%
girl
80%
it
80%
Let
80%
go!
80%
it
80%
Let
80%
be.
80%
to
80%
have
80%
always
80%
you
80%
go!
80%
good
80%
in,
80%
the
80%
Don't
80%
let
80%
them
80%
don't
80%
see,
80%
them
80%
be
80%
let
80%
now
79%
they
79%
know!
79%
know,
79%
them
78%
let
78%
don't
78%
feel,
78%
don't
78%
well
77%
Let
77%
go!
77%
it
77%
let
77%
go,
77%
it
77%
the
75%
this
75%
anymore!
75%
back
75%
it
75%
hold
75%
Can't
75%
Conceal,
75%
the
74%
the
74%
I
74%
let
74%
slam
73%
storm
73%
anyway.
73%
me
73%
bothered
73%
never
73%
cold
73%
I've
73%
on;
73%
rage
73%
Turn
73%
door!
73%
away
73%
say,
73%
to
73%
going
73%
what
73%
care,
73%
don't
73%
and
73%
they're
72%
It's
71%
funny
70%
how
69%
to
69%
distance-
69%
makes
69%
everything
69%
seem
69%
small.
69%
the
69%
I
69%
some
69%
me
69%
the
69%
me,
69%
can't
69%
get
69%
No
68%
and
68%
limits
68%
break
68%
to
68%
see
68%
And
68%
time
68%
It's
68%
all!
68%
at
68%
that
68%
go!
67%
it
67%
Let
67%
me!
67%
Let
67%
it
67%
go!
67%
for
67%
no
67%
rules
67%
what
67%
controlled
67%
do,
67%
once
67%
through!
67%
test
67%
no
67%
can
67%
to
67%
wrong,
66%
free!
66%
I'm
66%
right,
66%
fears
65%
I
65%
go!
64%
it
64%
let
64%
go,
64%
it
64%
Let
64%
one
63%
and
63%
wind
63%
the
63%
with
63%
am
63%
Here
62%
the
62%
stand!
62%
I
62%
me
62%
cry!
62%
sky!
62%
see
62%
never
62%
You'll
62%
and
61%
here
61%
Let
61%
storm
61%
rage
61%
on...
61%
stay!
60%
I'll
59%
power
58%
My
58%
the
56%
air
55%
into
55%
the
55%
through
54%
ground!
54%
flurries
53%
My
53%
all
50%
around!
50%
soul
49%
is
49%
in
49%
frozen
49%
And
48%
past
47%
go!
47%
Let
47%
the
47%
in
47%
is
47%
the
47%
back,
47%
going
47%
never
47%
I'm
47%
Let
47%
it
47%
go!
47%
one
47%
it
47%
icy
46%
an
46%
spiraling
46%
like
46%
past!
46%
fractals
45%
blast!
45%
thought
45%
The
44%
cold
43%
me
42%
never
42%
anyway.
42%
crystallizes
42%
bothered
41%
the
41%
on!
40%
rage
40%
storm
40%
Let
40%
the
39%
I
39%
Let
39%
it
39%
go,
39%
the
39%
rise
38%
break
38%
stand
38%
Here
38%
perfect
38%
like
38%
dawn!
38%
let
38%
it
38%
go!
38%
of
38%
girl
38%
is
38%
gone!
37%
day!
37%
of
37%
light
37%
I'll
37%
in
37%
That
37%
And
36%

Score Distribution

Percentile by Number Answered

Percent of People with Each Score

Your Score History

You have not taken this quiz